International Websters Pocket Spelling Dictionary (Record no. 302457)

MARC details
000 -LEADER
fixed length control field 00376nam a2200157Ia 4500
008 - FIXED-LENGTH DATA ELEMENTS--GENERAL INFORMATION
fixed length control field 230718s9999 xx 000 0 und d
041 ## - LANGUAGE CODE
Language code of text/sound track or separate title eng
082 ## - DEWEY DECIMAL CLASSIFICATION NUMBER
Classification number 003
Item number WEB
100 ## - MAIN ENTRY--PERSONAL NAME
Personal name Websters
245 ## - TITLE STATEMENT
Title International Websters Pocket Spelling Dictionary
260 ## - PUBLICATION, DISTRIBUTION, ETC. (IMPRINT)
Date of publication, distribution, etc. 2001
Name of publisher, distributor, etc. CBS
300 ## - PHYSICAL DESCRIPTION
Extent 314
365 ## - TRADE PRICE
Currency code Rs.
700 ## - ADDED ENTRY--PERSONAL NAME
Personal name Websters
906 ## - LOCAL DATA ELEMENT F, LDF (RLIN)
d B:293403-Nov-2001
c LIB
Holdings
Withdrawn status Lost status Damaged status Not for loan Home library Current library Date acquired Vendor Budget Code Bill number Total Checkouts Full call number Barcode Date last seen Bill Date Koha item type Original Barcode
        Cummins College of Engineering for Women Pune Cummins College of Engineering for Women Pune 03/11/2001 Masurkar Enterprises LIB 2934   003 CCEP-BK-13664 18/07/2023 03/11/2001 Books 013664